000
00328nam a2200145Ia 4500
003
OSt
008
191201s2011 xx 000 0 und d
100
_a
BOVEE, Courtland L
245
0
_a
Business Communication Today
250
_a
1st IMP
260
_a
N.Delhi
_b
TMH
_c
1989
300
_a
680+16
650
_a
MBA
942
_2
ddc
_c
BK
999
_c
5323
_d
5323